000 00746 a2200241 4500
003 Nust
005 20170207152500.0
010 _a 2004298455
020 _a1580533353
035 _a(OCoLC)ocm54783068
040 _cNust
082 0 0 _a621.3822
100 1 _aHall, David L.
245 1 0 _aMathematical techniques in multi-sensor data fusion /
_cDavid L. Hall, Sonya A.H. McMullen.
246 3 _aMathematical techniques in multisensor data fusion
250 _a2nd ed.
260 _aBoston :
_bArtech House,
_cc2004.
300 _axiii, 449 p. :
_bill. ;
_c24 cm.
440 0 _aArtech House information warfare library
650 0 _aMultisensor data fusion
_xMathematical models.
650 0 _aSignal processing.
700 1 _aMcMullen, Sonya A. H.
942 _cREF
999 _c175244
_d175244